[Event "SC-2022-0-00417"]
[Site "LSS email"]
[Date "2022.07.10"]
[Round "?"]
[White "Henke, Simon"]
[Black "Martins, Karin"]
[Result "1/2-1/2"]
[WhiteElo "1735"]
[BlackElo "1665"]
[PlyCount "68"]
[EventDate "2021.12.04"]
[EventType "tourn (corr)"]
[EventRounds "6"]
[EventCountry "GER"]
[SourceTitle "Corr 2024"]
[Source "ChessBase"]
[SourceDate "2023.10.19"]
[SourceVersion "1"]
[SourceVersionDate "2023.10.19"]
[SourceQuality "1"]

1. d4 Nf6 2. Nc3 d5 3. Bf4 g6 4. e3 Bg7 5. h4 c6 6. Be2 h5 7. Nf3 Bf5 8. Ng5 0-0 9. f3 Bc8 10. Qd2 b5 11. g4 Nbd7 12. Bd3 Qe8 13. gxh5 Nxh5 14. 0-0-0 Nb6 15. Rdg1 Nc4 16. Qf2 Bd7 17. Be5 Bxe5 18. dxe5 Nxe5 19. Be2 b4 20. Nd1 f5 21. Nh3 Kf7 22. Rg5 Nf6 23. Nf4 Qb8 24. Qg2 Rg8 25. Rg1 Ke8 26. h5 a5 27. hxg6 a4 28. Bd3 Qc8 29. Bf1 Ra5 30. Nd3 Nxd3+ 31. Bxd3 a3 32. b3 c5 33. c4 bxc3 34. Qh2 c4 1/2-1/2

[Event "SC-2022-0-00414"]
[Site "LSS email"]
[Date "2022.01.15"]
[Round "?"]
[White "Martins, Karin"]
[Black "Vio, Mauro"]
[Result "1/2-1/2"]
[WhiteElo "1700"]
[BlackElo "1706"]
[PlyCount "74"]
[EventDate "2021.09.14"]
[EventType "tourn (corr)"]
[EventRounds "6"]
[EventCountry "GER"]
[SourceTitle "Corr 2024"]
[Source "ChessBase"]
[SourceDate "2023.10.19"]
[SourceVersion "1"]
[SourceVersionDate "2023.10.19"]
[SourceQuality "1"]

1. e4 c5 2. Nf3 d6 3. d4 cxd4 4. Nxd4 Nf6 5. Nc3 e6 6. Be3 a6 7. Qd2 b5 8. f3 Nbd7 9. g4 b4 10. Na4 h6 11. 0-0-0 Ne5 12. Qxb4 Bd7 13. Bf4 g5 14. Bd2 Rb8 15. Qa3 Be7 16. Bb4 Qc7 17. Bxa6 0-0 18. b3 Ra8 19. Be2 Rfb8 20. c3 Bf8 21. Kb1 Bxa4 22. bxa4 d5 23. Nb5 Qb6 24. Bxf8 Rxf8 25. exd5 Nxd5 26. Rd4 Nc6 27. Rc4 Qf2 28. Qb2 Qg2 29. Rd1 Ne5 30. Re4 Nxf3 31. Bd3 Qxb2+ 32. Kxb2 Nf4 33. Bc2 Nxh2 34. Rg1 Nf3 35. Rd1 Nh2 36. Rg1 Nf3 37. Rd1 Nh2 1/2-1/2

[Event "SD-2022-0-00323"]
[Site "LSS email"]
[Date "2022.01.10"]
[Round "?"]
[White "Huber, Karl"]
[Black "Martins, Karin"]
[Result "1-0"]
[WhiteElo "1466"]
[BlackElo "1598"]
[PlyCount "75"]
[EventDate "2021.05.21"]
[EventType "tourn (corr)"]
[EventRounds "6"]
[EventCountry "GER"]
[SourceTitle "Corr 2024"]
[Source "ChessBase"]
[SourceDate "2023.10.19"]
[SourceVersion "1"]
[SourceVersionDate "2023.10.19"]
[SourceQuality "1"]

1. e4 e5 2. Nf3 Nc6 3. Bb5 a6 4. Ba4 d6 5. c3 f5 6. exf5 Bxf5 7. 0-0 Bd3 8. Re1 Be7 9. Re3 e4 10. Na3 Nf6 11. Ne1 0-0 12. Bxc6 bxc6 13. Nxd3 exd3 14. Rxd3 d5 15. Rf3 Bxa3 16. bxa3 Ne4 17. d3 Nxc3 18. Rxf8+ Qxf8 19. Qc2 d4 20. Bb2 Rb8 21. Rc1 Qf6 22. Ba1 Rb5 23. g3 Rc5 24. Qb3+ Qf7 25. Kf1 h6 26. h4 Qd5 27. Bxc3 Rxc3 28. Rxc3 dxc3 29. Qxc3 a5 30. Qb3 Kf7 31. Qc4 Ke6 32. Ke2 Kf5 33. Ke3 Qd6 34. h5 c5 35. Qf7+ Qf6 36. Qc4 Qd6 37. Qe4+ Kg5 38. Ke2 1-0

[Event "SD-2022-0-00323"]
[Site "LSS email"]
[Date "2022.01.03"]
[Round "?"]
[White "Martins, Karin"]
[Black "Borchardt, Petra"]
[Result "1/2-1/2"]
[WhiteElo "1598"]
[BlackElo "1540"]
[PlyCount "60"]
[EventDate "2021.05.21"]
[EventType "tourn (corr)"]
[EventRounds "6"]
[EventCountry "GER"]
[SourceTitle "Corr 2024"]
[Source "ChessBase"]
[SourceDate "2023.10.19"]
[SourceVersion "1"]
[SourceVersionDate "2023.10.19"]
[SourceQuality "1"]

1. e4 e5 2. Nf3 d6 3. d4 exd4 4. Nxd4 Be7 5. Bc4 Nf6 6. Nc3 0-0 7. 0-0 Nxe4 8. Nxe4 d5 9. Bd3 dxe4 10. Bxe4 Re8 11. c3 Nd7 12. Re1 Bf8 13. Qc2 g6 14. Bf4 Nc5 15. Bf3 c6 16. Rxe8 Qxe8 17. Qd2 Ne6 18. Re1 Qd7 19. Be5 Qd8 20. Qe3 a5 21. Be4 Nxd4 22. Bxd4 Qe7 23. a3 Bd7 24. Bc2 Qxe3 25. Bxe3 Be6 26. Bb6 Ra6 27. Be3 Ra8 28. a4 Be7 29. Bd4 Rd8 30. g3 c5 1/2-1/2

[Event "SC-2021-0-00413"]
[Site "LSS email"]
[Date "2021.11.25"]
[Round "?"]
[White "Martins, Karin"]
[Black "Selmeczi, Jozsef"]
[Result "1-0"]
[WhiteElo "1629"]
[BlackElo "1724"]
[PlyCount "47"]
[EventDate "2021.08.17"]
[EventType "tourn (corr)"]
[EventRounds "6"]
[EventCountry "GER"]
[SourceTitle "Corr 2024"]
[Source "ChessBase"]
[SourceDate "2023.10.19"]
[SourceVersion "1"]
[SourceVersionDate "2023.10.19"]
[SourceQuality "1"]

1. e4 e5 2. Nf3 Nc6 3. Bb5 a6 4. Ba4 Nf6 5. 0-0 b5 6. Bb3 Bb7 7. Re1 Bd6 8. d4 0-0 9. c3 h6 10. Bc2 Qb8 11. a4 Re8 12. Na3 Bf8 13. Nxe5 Nxe5 14. dxe5 Rxe5 15. Bf4 Re8 16. e5 Nd5 17. Bg3 Bc6 18. axb5 axb5 19. Qd3 g6 20. Bb3 Ne7 21. Nc2 Rxa1 22. Rxa1 Qb7 23. Ne3 Bg7 24. Rd1 1-0

[Event "SC-2021-0-00413"]
[Site "LSS email"]
[Date "2021.10.27"]
[Round "?"]
[White "Martins, Karin"]
[Black "Gimenes, Luiz"]
[Result "1/2-1/2"]
[WhiteElo "1629"]
[BlackElo "1745"]
[PlyCount "47"]
[EventDate "2021.08.17"]
[EventType "tourn (corr)"]
[EventRounds "6"]
[EventCountry "GER"]
[SourceTitle "Corr 2024"]
[Source "ChessBase"]
[SourceDate "2023.10.19"]
[SourceVersion "1"]
[SourceVersionDate "2023.10.19"]
[SourceQuality "1"]

1. e4 c5 2. Nf3 d6 3. d4 cxd4 4. Nxd4 Nf6 5. Nc3 g6 6. Be3 Bg7 7. Be2 0-0 8. Qd2 Nc6 9. 0-0 Bd7 10. h3 Rc8 11. Rad1 a6 12. Rfe1 b5 13. a3 Qc7 14. Nf3 Rfe8 15. Bg5 Be6 16. Qc1 Nb8 17. Bh6 Nbd7 18. g4 Bc4 19. Bxc4 Qxc4 20. Bxg7 Kxg7 21. e5 Nxe5 22. Nxe5 dxe5 23. g5 Nh5 24. Rxe5 1/2-1/2

[Event "SC-2021-0-00412"]
[Site "LSS email"]
[Date "2021.10.24"]
[Round "?"]
[White "Vio, Mauro"]
[Black "Martins, Karin"]
[Result "1-0"]
[WhiteElo "1671"]
[BlackElo "1602"]
[PlyCount "85"]
[EventDate "2021.07.18"]
[EventType "tourn (corr)"]
[EventRounds "6"]
[EventCountry "GER"]
[SourceTitle "Corr 2024"]
[Source "ChessBase"]
[SourceDate "2023.10.19"]
[SourceVersion "1"]
[SourceVersionDate "2023.10.19"]
[SourceQuality "1"]

1. d4 Nf6 2. c4 e6 3. Nf3 b6 4. g3 Ba6 5. Qc2 Bb7 6. Bg2 c5 7. 0-0 Na6 8. d5 exd5 9. cxd5 Nb4 10. Qd1 Bxd5 11. Nc3 Be6 12. e4 Be7 13. a3 Nc6 14. e5 Ng4 15. Re1 0-0 16. h3 Nh6 17. Bxh6 gxh6 18. Qd2 Kg7 19. Nd5 f5 20. Rad1 Rb8 21. Qc3 Kh8 22. Nf4 Qe8 23. Bf1 Qc8 24. Bb5 Rf7 25. Rd6 Bxd6 26. exd6+ Kg8 27. Nxe6 dxe6 28. Qd3 Qd7 29. Qd1 Qc8 30. Bxc6 Qxc6 31. Rxe6 Qd7 32. Rxh6 Re8 33. Ng5 Rg7 34. Qb3+ Kh8 35. Qc3 Kg8 36. Qb3+ Kh8 37. Qc3 Kg8 38. h4 Qb7 39. Kh2 Qd5 40. Nxh7 Rxh7 41. Rg6+ Kf8 42. Qf6+ Qf7 43. d7 1-0

[Event "SC-2021-0-00412"]
[Site "LSS email"]
[Date "2021.10.12"]
[Round "?"]
[White "Baltar, Antoni"]
[Black "Martins, Karin"]
[Result "0-1"]
[WhiteElo "1765"]
[BlackElo "1602"]
[PlyCount "36"]
[EventDate "2021.07.18"]
[EventType "tourn (corr)"]
[EventRounds "6"]
[EventCountry "GER"]
[SourceTitle "Corr 2024"]
[Source "ChessBase"]
[SourceDate "2023.10.19"]
[SourceVersion "1"]
[SourceVersionDate "2023.10.19"]
[SourceQuality "1"]

1. e4 e5 2. Nc3 Nc6 3. f4 exf4 4. d4 Qh4+ 5. Ke2 Bb4 6. Nf3 Qe7 7. Kf2 Bxc3 8. bxc3 g5 9. Bd3 d6 10. Rb1 h5 11. h3 f6 12. Re1 Nh6 13. e5 Kd8 14. Ba3 fxe5 15. dxe5 g4 16. exd6 Qf6 17. dxc7+ Kxc7 18. Re7+ Nxe7 0-1

[Event "SC-2021-0-00411"]
[Site "LSS email"]
[Date "2021.09.21"]
[Round "?"]
[White "Martins, Karin"]
[Black "Metz, Larry R"]
[Result "1-0"]
[WhiteElo "1700"]
[BlackElo "1727"]
[PlyCount "99"]
[EventDate "2021.06.04"]
[EventType "tourn (corr)"]
[EventRounds "6"]
[EventCountry "GER"]
[SourceTitle "Corr 2024"]
[Source "ChessBase"]
[SourceDate "2023.10.19"]
[SourceVersion "1"]
[SourceVersionDate "2023.10.19"]
[SourceQuality "1"]

1. e4 e5 2. Nf3 Nc6 3. Bb5 Nf6 4. d3 Bc5 5. Nc3 0-0 6. 0-0 d6 7. Bxc6 bxc6 8. a3 Qe7 9. h3 a5 10. Re1 Re8 11. Be3 Bxe3 12. Rxe3 c5 13. Re1 Be6 14. a4 c6 15. Qd2 h6 16. b3 Nh5 17. Ne2 Rab8 18. Qe3 Rb4 19. Nd2 Bd7 20. f4 Nxf4 21. Nxf4 exf4 22. Qxf4 Be6 23. Re3 d5 24. Rg3 Kh7 25. Qf2 Qc7 26. Re1 Rd8 27. Rge3 Kg8 28. Kh1 Qd6 29. Rg3 Kh7 30. e5 Qe7 31. c3 Rb6 32. Rf1 d4 33. c4 Kh8 34. Ne4 Rxb3 35. Qd2 Bxc4 36. dxc4 Rxg3 37. Nxg3 Qxe5 38. Qxa5 Rf8 39. Rf3 f5 40. Qd2 d3 41. Qxd3 f4 42. Qe4 Qa1+ 43. Rf1 Qd4 44. a5 Rd8 45. Rxf4 Qxe4 46. Rxe4 Ra8 47. Re6 Rxa5 48. Rxc6 Kg8 49. Kh2 Kf7 50. Ne4 1-0

[Event "SC-2021-0-00411"]
[Site "LSS email"]
[Date "2021.09.21"]
[Round "?"]
[White "Weiser, Robert"]
[Black "Martins, Karin"]
[Result "1-0"]
[WhiteElo "1620"]
[BlackElo "1700"]
[PlyCount "57"]
[EventDate "2021.06.04"]
[EventType "tourn (corr)"]
[EventRounds "6"]
[EventCountry "GER"]
[SourceTitle "Corr 2024"]
[Source "ChessBase"]
[SourceDate "2023.10.19"]
[SourceVersion "1"]
[SourceVersionDate "2023.10.19"]
[SourceQuality "1"]

1. d4 Nf6 2. c4 e6 3. Nc3 Bb4 4. a3 Bxc3+ 5. bxc3 c5 6. f3 d6 7. e4 e5 8. Bd3 Nc6 9. Ne2 h6 10. 0-0 0-0 11. Be3 b6 12. d5 Ne7 13. Ng3 Qc7 14. Qd2 Bd7 15. Bxh6 Rae8 16. f4 Ng6 17. f5 Nf4 18. Rxf4 exf4 19. Qxf4 gxh6 20. Qxh6 Qd8 21. Rf1 Ng4 22. Qh5 Qf6 23. Qxg4+ Qg7 24. Qh5 Qh8 25. Rf4 Qxh5 26. Nxh5 Rd8 27. Rg4+ Kh7 28. Nf6+ Kh6 29. Kf2 1-0

[Event "SC-2021-0-00408"]
[Site "LSS email"]
[Date "2021.07.12"]
[Round "?"]
[White "Martins, Karin"]
[Black "Zemlyanov, Sergey"]
[Result "1-0"]
[WhiteElo "1725"]
[BlackElo "1702"]
[PlyCount "79"]
[EventDate "2021.04.26"]
[EventType "tourn (corr)"]
[EventRounds "6"]
[EventCountry "GER"]
[SourceTitle "Corr 2024"]
[Source "ChessBase"]
[SourceDate "2023.10.19"]
[SourceVersion "1"]
[SourceVersionDate "2023.10.19"]
[SourceQuality "1"]

1. e4 e6 2. d4 d5 3. e5 c5 4. c3 Nc6 5. Nf3 Qb6 6. a3 Nh6 7. b4 cxd4 8. cxd4 Nf5 9. Bb2 Bd7 10. Qd3 Rc8 11. Nbd2 Bxb4 12. Rb1 Bxd2+ 13. Qxd2 Na5 14. Qd1 Nb3 15. Bd3 Qa5+ 16. Kf1 Ba4 17. Qe2 Nh4 18. Rd1 Nxf3 19. gxf3 Kd7 20. Kg2 Kc7 21. Bc2 Kb8 22. Qd3 Rxc2 23. Qxc2 Nxd4 24. Qd2 Qxd2 25. Rxd2 Nb3 26. Rd3 Rc8 27. Bd4 Rc4 28. Bb2 g6 29. Re1 b5 30. h4 Kb7 31. Ree3 Na5 32. f4 Nc6 33. Rd2 Bc2 34. Rc3 Be4+ 35. Kg3 Kb6 36. Rc1 Bf5 37. f3 Ka5 38. h5 gxh5 39. Rh1 Bg6 40. f5 1-0

[Event "SC-2021-0-00408"]
[Site "LSS email"]
[Date "2021.06.21"]
[Round "?"]
[White "Martins, Karin"]
[Black "D'Emilia, Jack"]
[Result "1/2-1/2"]
[WhiteElo "1725"]
[BlackElo "1784"]
[PlyCount "114"]
[EventDate "2021.04.26"]
[EventType "tourn (corr)"]
[EventRounds "6"]
[EventCountry "GER"]
[SourceTitle "Corr 2024"]
[Source "ChessBase"]
[SourceDate "2023.10.19"]
[SourceVersion "1"]
[SourceVersionDate "2023.10.19"]
[SourceQuality "1"]

1. e4 e5 2. Nf3 Nc6 3. Bb5 a6 4. Ba4 Nf6 5. 0-0 b5 6. Bb3 Bb7 7. d4 Nxd4 8. Nxd4 exd4 9. e5 Ne4 10. c3 Nc5 11. cxd4 Nxb3 12. axb3 d6 13. exd6 Bxd6 14. Re1+ Kf8 15. Nc3 Qh4 16. h3 Re8 17. Be3 f6 18. Qd3 Kf7 19. f3 Bg3 20. Re2 Re7 21. Bf2 Bxf2+ 22. Rxf2 Rd8 23. Rd1 Bd5 24. Nxd5 Rxd5 25. b4 Red7 26. Qb3 Kg6 27. Qd3+ f5 28. Rfd2 Qf4 29. Qc3 h6 30. g3 Qg5 31. Kf1 Qf6 32. f4 Kh7 33. Kf2 Qe6 34. Rd3 Qe8 35. Re1 Qd8 36. Red1 Qf6 37. R3d2 R5d6 38. Qd3 Kh8 39. Kf1 Kh7 40. Kf2 Kg6 41. Kf1 Rd8 42. Kf2 R8d7 43. Kf1 Rd5 44. Qc3 Qd6 45. Rd3 Qb6 46. Kf2 Kh7 47. Qd2 Qd6 48. h4 Rd8 49. Qc3 Rd7 50. Qd2 Qf6 51. Qc3 R7d6 52. Qd2 Rd7 53. Qc3 Kh8 54. Kf1 Kg8 55. Kf2 Kh7 56. Qd2 Qd8 57. Qc3 Kh8 1/2-1/2

[Event "SC-2021-0-00408"]
[Site "LSS email"]
[Date "2021.06.06"]
[Round "?"]
[White "Carlsen, Jan"]
[Black "Martins, Karin"]
[Result "0-1"]
[WhiteElo "1770"]
[BlackElo "1725"]
[PlyCount "31"]
[EventDate "2021.04.26"]
[EventType "tourn (corr)"]
[EventRounds "6"]
[EventCountry "GER"]
[SourceTitle "Corr 2024"]
[Source "ChessBase"]
[SourceDate "2023.10.19"]
[SourceVersion "1"]
[SourceVersionDate "2023.10.19"]
[SourceQuality "1"]

1. d4 Nf6 2. c4 e6 3. Nf3 b6 4. a3 Bb7 5. Nc3 d5 6. cxd5 Nxd5 7. e3 Be7 8. Bb5+ c6 9. Bd3 Nd7 10. e4 Nxc3 11. bxc3 c5 12. Qe2 Rc8 13. Bf4 0-0 14. 0-0 cxd4 15. cxd4 Nf6 16. Bd2 0-1

[Event "SC-2021-0-00407"]
[Site "LSS email"]
[Date "2021.05.29"]
[Round "?"]
[White "Martins, Karin"]
[Black "Knoeppel, Bjoern"]
[Result "0-1"]
[WhiteElo "1721"]
[BlackElo "1748"]
[PlyCount "74"]
[EventDate "2021.03.30"]
[EventType "tourn (corr)"]
[EventRounds "6"]
[EventCountry "GER"]
[SourceTitle "Corr 2024"]
[Source "ChessBase"]
[SourceDate "2023.10.19"]
[SourceVersion "1"]
[SourceVersionDate "2023.10.19"]
[SourceQuality "1"]

1. e4 e5 2. Nf3 Nc6 3. Bb5 f5 4. Nc3 fxe4 5. Nxe4 Nf6 6. Qe2 d5 7. Nxf6+ gxf6 8. d4 e4 9. Ne5 fxe5 10. Qh5+ Kd7 11. Qxe5 Bd6 12. Qxd5 Qf6 13. c4 a6 14. Ba4 b5 15. Bd1 h5 16. Bg5 Qg6 17. c5 Nb4 18. Qxa8 Nd3+ 19. Kf1 Qxg5 20. Qxe4 Nxf2 21. Kxf2 Bb7 22. Qxb7 Rf8+ 23. Qf3 Qd2+ 24. Be2 Qxd4+ 25. Kf1 Rxf3+ 26. gxf3 Qxc5 27. a4 Qf5 28. h4 Kc6 29. axb5+ axb5 30. Rd1 Bc5 31. Rd2 Kb6 32. Bd1 Be3 33. Rc2 c5 34. Kg2 Qg6+ 35. Kf1 Qf6 36. Kg2 Qg7+ 37. Kf1 c4 0-1

[Event "SC-2021-0-00406"]
[Site "LSS email"]
[Date "2021.05.15"]
[Round "?"]
[White "Salonen, Jukka"]
[Black "Martins, Karin"]
[Result "1/2-1/2"]
[WhiteElo "1795"]
[BlackElo "1721"]
[PlyCount "72"]
[EventDate "2021.03.27"]
[EventType "tourn (corr)"]
[EventRounds "6"]
[EventCountry "GER"]
[SourceTitle "Corr 2024"]
[Source "ChessBase"]
[SourceDate "2023.10.19"]
[SourceVersion "1"]
[SourceVersionDate "2023.10.19"]
[SourceQuality "1"]

1. d4 Nf6 2. c4 e6 3. Nf3 b6 4. Nc3 g6 5. e4 d6 6. Bg5 h6 7. Bd2 Bg7 8. Be2 Bb7 9. Qc2 0-0 10. h3 d5 11. cxd5 exd5 12. e5 Ne4 13. b4 Nxd2 14. Qxd2 c6 15. 0-0 Nd7 16. Bd3 a5 17. a3 Qe7 18. Ne2 axb4 19. axb4 c5 20. Nf4 c4 21. Bxg6 Rxa1 22. Rxa1 fxg6 23. Nxg6 Qe8 24. Nxf8 Nxf8 25. g4 Ng6 26. Ne1 Nxe5 27. Ra7 Qb8 28. Rxb7 Nf3+ 29. Nxf3 Qxb7 30. Qc3 Qe7 31. Ne5 Qf8 32. Kg2 Qf4 33. Nc6 Qe4+ 34. f3 Qe2+ 35. Kg3 b5 36. Ne5 Kh7 1/2-1/2

[Event "SC-2021-0-00405"]
[Site "LSS email"]
[Date "2021.04.30"]
[Round "?"]
[White "Langheld, Werner"]
[Black "Martins, Karin"]
[Result "1-0"]
[WhiteElo "1691"]
[BlackElo "1717"]
[PlyCount "81"]
[EventDate "2021.03.23"]
[EventType "tourn (corr)"]
[EventRounds "6"]
[EventCountry "GER"]
[SourceTitle "Corr 2024"]
[Source "ChessBase"]
[SourceDate "2023.10.19"]
[SourceVersion "1"]
[SourceVersionDate "2023.10.19"]
[SourceQuality "1"]

1. e4 e5 2. Nf3 Nc6 3. Nc3 Nf6 4. d4 exd4 5. Nd5 Be7 6. Bc4 0-0 7. 0-0 d6 8. Nxd4 Ne5 9. Bb3 Nxd5 10. exd5 Bf6 11. c3 Re8 12. h3 Bd7 13. a4 c5 14. dxc6 bxc6 15. Bc2 Rb8 16. b3 Qa5 17. Ne2 c5 18. Be3 Rbd8 19. Rb1 Ng6 20. b4 Qc7 21. Nf4 Nxf4 22. Bxf4 Qc8 23. Be3 Be6 24. a5 g6 25. Ba4 Re7 26. Qf3 Bf5 27. Rbc1 Re6 28. Bc6 Bd3 29. Rfe1 Bc4 30. b5 Kg7 31. h4 Be5 32. Bf4 f6 33. h5 Re7 34. h6+ Kg8 35. Rcd1 Be6 36. b6 axb6 37. axb6 Bg4 38. Qd5+ Be6 39. Bxe5 fxe5 40. Qe4 Rf7 41. Re3 1-0

[Event "SC-2021-0-00404"]
[Site "LSS email"]
[Date "2021.04.11"]
[Round "?"]
[White "Egorov, Vladimir Al"]
[Black "Martins, Karin"]
[Result "0-1"]
[WhiteElo "1790"]
[BlackElo "1690"]
[PlyCount "50"]
[EventDate "2021.02.18"]
[EventType "tourn (corr)"]
[EventRounds "6"]
[EventCountry "GER"]
[SourceTitle "Corr 2024"]
[Source "ChessBase"]
[SourceDate "2023.10.19"]
[SourceVersion "1"]
[SourceVersionDate "2023.10.19"]
[SourceQuality "1"]

1. d4 Nf6 2. c4 e6 3. Nf3 b6 4. g3 Ba6 5. b3 b5 6. cxb5 Bxb5 7. Bg2 d5 8. 0-0 Nbd7 9. Nc3 Ba6 10. Re1 Be7 11. Ne5 Bb7 12. Bg5 0-0 13. Rc1 h6 14. Nxd7 Nxd7 15. Bxe7 Qxe7 16. Na4 c6 17. Qd2 f5 18. Rc2 e5 19. dxe5 Qxe5 20. e3 a6 21. Rec1 Rf7 22. b4 Raf8 23. Rc3 g5 24. Nb2 Qf6 25. Nd3 h5 0-1

[Event "SC-2021-0-00404"]
[Site "LSS email"]
[Date "2021.04.10"]
[Round "?"]
[White "Martins, Karin"]
[Black "Knoeppel, Bjoern"]
[Result "1/2-1/2"]
[WhiteElo "1690"]
[BlackElo "1759"]
[PlyCount "125"]
[EventDate "2021.02.18"]
[EventType "tourn (corr)"]
[EventRounds "6"]
[EventCountry "GER"]
[SourceTitle "Corr 2024"]
[Source "ChessBase"]
[SourceDate "2023.10.19"]
[SourceVersion "1"]
[SourceVersionDate "2023.10.19"]
[SourceQuality "1"]

1. e4 Nf6 2. e5 Nd5 3. d4 d6 4. c4 Nb6 5. exd6 exd6 6. Nc3 Nc6 7. Be3 Be7 8. Nf3 0-0 9. b3 Bf6 10. Be2 Re8 11. Rc1 Bf5 12. 0-0 d5 13. c5 Nc8 14. h3 h6 15. b4 a6 16. Qb3 N8e7 17. Rcd1 b5 18. Rd2 Be6 19. a4 bxa4 20. Qxa4 Bd7 21. Qa3 Be6 22. Bf4 Qb8 23. Rb1 Qb7 24. Qc1 Nxb4 25. Bxc7 Bf5 26. Rb3 Qxc7 27. Rxb4 Reb8 28. Rxb8+ Rxb8 29. Qa3 Be4 30. Qxa6 Nf5 31. Bd3 Nxd4 32. Bxe4 Qxc5 33. Rxd4 Bxd4 34. Nxd5 Bxf2+ 35. Kh2 Re8 36. Qa4 Qd6+ 37. Kh1 Kf8 38. Qc4 Ba7 39. Bb1 Bb8 40. Kg1 Qd7 41. Nc3 Rc8 42. Qb3 Qa7+ 43. Kh1 Qa1 44. Ne2 g6 45. Neg1 Ba7 46. Ba2 Rc7 47. Qd5 Kg7 48. Bb3 Qf6 49. Ne2 Rc5 50. Qd3 Rc7 51. Qd5 h5 52. Bc4 Rc5 53. Qd3 h4 54. Nc3 Rc8 55. Nd1 Rd8 56. Qe2 Rc8 57. Qd3 Rc7 58. Qe4 Re7 59. Qd3 Qc6 60. Qb3 Qc5 61. Qb2+ Kh7 62. Be2 Kg8 63. Qd2 1/2-1/2

[Event "SC-2021-0-00403"]
[Site "LSS email"]
[Date "2021.03.24"]
[Round "?"]
[White "Martin, Simone"]
[Black "Martins, Karin"]
[Result "1/2-1/2"]
[WhiteElo "1606"]
[BlackElo "1698"]
[PlyCount "42"]
[EventDate "2020.12.26"]
[EventType "tourn (corr)"]
[EventRounds "6"]
[EventCountry "GER"]
[SourceTitle "Corr 2024"]
[Source "ChessBase"]
[SourceDate "2023.10.19"]
[SourceVersion "1"]
[SourceVersionDate "2023.10.19"]
[SourceQuality "1"]

1. e4 e5 2. Nf3 Nc6 3. Bb5 a6 4. Ba4 d6 5. c3 f5 6. exf5 Bxf5 7. 0-0 Bd3 8. Re1 Be7 9. Bc2 Bxc2 10. Qxc2 Nf6 11. d4 e4 12. Ng5 d5 13. f3 h6 14. Nh3 0-0 15. Nd2 exf3 16. Nxf3 Rf7 17. Nf2 Bd6 18. Bd2 Qf8 19. Ne5 Bxe5 20. dxe5 Nd7 21. Ng4 Re7 1/2-1/2